000 01956nam a2200337 4500
001 408
003 OSt
005 20250528074019.0
008 250509b |||||||j |||| 00| 1 eng d
020 _a8539808684
040 _bpor
041 _heng
_apor
082 _a823
_bJ82e
100 1 _aJordan, Penny,
_d1946-2011
_9877
240 _aPassion in the Desert Prince of the Desert & Sovereign Seduction
245 _aPaixão no Deserto
_bPríncipe do Deserto & Soberana Sedução /
_cJordan, Penny ; Tradução de Marie Olivier e Carla Werneck
250 _a2 ed.
260 _aRio de Janeiro
_bHarlequin Books
_c2013
300 _a312 p.
520 _aPRÍNCIPE DO DESERTO A virgem do sheik... Filha de um pai promíscuo, Gwynneth jurou jamais ser escrava dos desejos! Mas uma experiência ardente no reino de Zuran a deixa delirante e insegura: teria mesmo vivido uma noite de paixão com um estranho no deserto? Gwynneth nem desconfia que quase dormiu com o sheik Tariq Bin Salud. E agora ele exigirá sua virgindade! SOBERANA SEDUÇÃO Convocada para satisfazer os desejos do sheik. Kadir é governante de um reino do deserto quando descobre que também é o herdeiro do trono de Niroli. Mas ele precisa encontrar uma mulher que possa assumir ao seu lado a posição de rainha! Natalia é a escolhida. Ela ama seu país e, mesmo considerando Kadir um bárbaro, aceita o casamento. Natalia está preparada para enfrentar muitos desafios como esposa e soberana, no entanto, descobre que a cama de um selvagem e um lugar mais excitante do que ela poderia imaginar...
650 0 _aLiteratura Inglesa
_989
650 0 _aDesejo e Paixão
_9884
650 0 _aCasamento Arranjado:
_9885
650 0 _aProtagonista Feminina Forte
_9886
655 0 _aRomance
_923
655 0 _aFicção
_922
700 _aMarie Olivier
_eTRADUTOR
_9882
700 _aCarla Werneck
_eTRADUTOR
_9883
830 _aColeção Penny Jordan
_9878
942 _2ddc
_n0
_cBK
999 _c408
_d408